Summerfield Stores Ltd v Spring (Sutton Coldfield) Ltd (in administration) (Record no. 113093)

MARC details
000 -LEADER
fixed length control field 01760cad a22002535a 4500
001 - CONTROL NUMBER
control field L154667
008 - FIXED-LENGTH DATA ELEMENTS--GENERAL INFORMATION
fixed length control field 120111e20100804xxk f 000 0 eng d
035 ## - SYSTEM CONTROL NUMBER
System control number (Sirsi) u154667
041 0# - LANGUAGE CODE
Language code of text/sound track or separate title eng
245 00 - TITLE STATEMENT
Title Summerfield Stores Ltd v Spring (Sutton Coldfield) Ltd (in administration)
Medium [electronic resource]
260 ## - PUBLICATION, DISTRIBUTION, ETC.
Date of publication, distribution, etc. 2010
520 ## - SUMMARY, ETC.
Summary, etc. [2010] EWHC 2084 (Ch), 4 August 2010. Appellant business tenant SU appealed against the dismissal of its application for summary judgment to dismiss the opposition by the respondent landlord SP of its application for new tenancies. Was a tenant who had applied for summary judgment of the ground of opposition entitled to that judgment if he could show that the landlord had no real prospect of establishing the requisite intention at a date determined by reference to the date of the summary judgment hearing rather than the date of a prospective trial?. The court dismissed SU's application. SU appealed. "Held": appeal dismissed. The date of the hearing at which the necessary intention had to be shown to exist was always the date of the substantive trial of the landlord's ground of objection.
590 ## - LOCAL NOTE (RLIN)
Local note KA
650 24 - SUBJECT ADDED ENTRY--TOPICAL TERM
Topical term or geographic name entry element SUMMERFIELD STORES LTD V SPRING (SUTTON COLDFIELD) LTD (IN ADMINISTRATION)
650 24 - SUBJECT ADDED ENTRY--TOPICAL TERM
Topical term or geographic name entry element DUTCH OVEN LTD V EGHAM ESTATE AND INVESTMENT CO LTD
650 24 - SUBJECT ADDED ENTRY--TOPICAL TERM
Topical term or geographic name entry element BETTY'S CAFES LTD V PHILLIPS FURNISHING STORES LTD (NO 1)
650 24 - SUBJECT ADDED ENTRY--TOPICAL TERM
Topical term or geographic name entry element LANDLORD AND TENANT ACT 1954 S 26
650 24 - SUBJECT ADDED ENTRY--TOPICAL TERM
Topical term or geographic name entry element LANDLORD AND TENANT ACT 1954 S 30(1)(F)
651 #4 - SUBJECT ADDED ENTRY--GEOGRAPHIC NAME
Geographic name England and Wales
Chronological subdivision 1543-
690 ## - LOCAL SUBJECT ADDED ENTRY--TOPICAL TERM (OCLC, RLIN)
Topical term or geographic name as entry element Commercial property
9 (RLIN) 6227
690 ## - LOCAL SUBJECT ADDED ENTRY--TOPICAL TERM (OCLC, RLIN)
Topical term or geographic name as entry element Landlord and tenant
9 (RLIN) 6252
856 40 - ELECTRONIC LOCATION AND ACCESS
Uniform Resource Identifier <a href="https://www.bailii.org/ew/cases/EWHC/Ch/2010/2084.html">https://www.bailii.org/ew/cases/EWHC/Ch/2010/2084.html</a>
Public note View the law report free of charge at www.bailii.org
942 ## - ADDED ENTRY ELEMENTS (KOHA)
Suppress in OPAC 0
Holdings
Withdrawn status Lost status Source of classification or shelving scheme Damaged status Not for loan Home library Current library Shelving location Date acquired Total Checkouts Full call number Barcode Date last seen Copy number Price effective from Koha item type
    Dewey Decimal Classification     Virtual Virtual Online 11/01/2012   ONLINE PUBLICATION 154667-2001 06/08/2019 1 06/08/2019 Law report